000 01595cam a2200445 i 4500
001 ocn319536566
003 OCoLC
005 20251118033544.0
007 t|
008 090428s2009 nyub d 000 1 eng d
010 _z2007036734
020 _a9780061448782
_qpaperback
020 _a0061448788
_qpaperback
035 _a1152355
040 _aVPW
_cVPW
_dTnLvILS
_beng
_erda
041 _aeng
100 1 _aGrant, Michael,
_d1954-
_eauthor.
_4aut.
245 1 0 _aGone /
_cMichael Grant.
250 _aFirst paperback edition.
260 _aNew York :
_bHarperTeen,
_c2009.
264 1 _aNew York :
_bHarperTeen,
_c2009.
300 _a558, 4 pages :
_bmaps ;
_c21 cm.
336 _atext
_btxt
_2rdacontent.
337 _aunmediated
_bn
_2rdamedia.
338 _avolume
_bnc
_2rdacarrier.
490 1 _aGone.
500 _aCopyright date: 2008.
520 _aIn a small town on the coast of California, everyone over the age of fourteen suddenly disappears, setting up a battle between the remaining town residents and the students from a local private school, as well as those who have "The Power" and are able to perform supernatural feats and those who do not.
521 1 _a013-017.
521 8 _a620
_bLexile.
526 0 _aAccelerated Reader
_bUG
_c4.3
_d18.0
_z124168.
650 0 _aTeenagers
_vJuvenile fiction.
650 0 _aGood and evil
_vJuvenile fiction.
650 0 _aTeenagers
_vFiction.
650 0 _aGood and evil
_vFiction.
650 1 _aTeenagers
_vFiction.
650 1 _aGood and evil
_vFiction.
800 1 _aGrant, Michael,
_d1954-
_tGone novel.
942 _cBK
999 _c31167
_d31165